[Event "SRB-ch U14"]
[Site "Subotica"]
[Date "2021.05.05"]
[Round "4"]
[White "Kanacki, Vuk"]
[Black "Zdravkovic, Filip"]
[Result "0-1"]
[WhiteElo "1471"]
[BlackElo "1738"]
[PlyCount "56"]
[EventDate "2021.05.03"]
[EventType "swiss"]
[EventRounds "9"]
[EventCountry "SRB"]
[SourceTitle "EXT 2022"]
[Source "ChessBase"]
[SourceDate "2021.10.06"]
[SourceVersion "1"]
[SourceVersionDate "2021.10.06"]
[SourceQuality "1"]

1. d4 Nf6 2. c4 c5 3. d5 b5 4. cxb5 a6 5. e3 g6 6. Nc3 Bg7 7. Nf3 0-0 8. e4 Qa5 9. Bd2 d6 10. Be2 Qb6 11. Qc2 axb5 12. Bxb5 Na6 13. a3 Nc7 14. Be2 Rb8 15. Rb1 Ba6 16. Bxa6 Qxa6 17. h3 Nd7 18. a4 f5 19. b3 fxe4 20. Qxe4 Nf6 21. Qc2 Nfxd5 22. Nxd5 Nxd5 23. h4 Nf4 24. Bxf4 Rxf4 25. h5 d5 26. hxg6 Re4+ 27. Kd1 Qxg6 28. Nd2 Qxg2 0-1

[Event "SRB-ch U14"]
[Site "Subotica"]
[Date "2021.05.03"]
[Round "1"]
[White "Zdravkovic, Filip"]
[Black "Raskovic, Ilija"]
[Result "1-0"]
[WhiteElo "1738"]
[BlackElo "1069"]
[PlyCount "89"]
[EventDate "2021.05.03"]
[EventType "swiss"]
[EventRounds "9"]
[EventCountry "SRB"]
[SourceTitle "EXT 2022"]
[Source "ChessBase"]
[SourceDate "2021.10.06"]
[SourceVersion "1"]
[SourceVersionDate "2021.10.06"]
[SourceQuality "1"]

1. e4 e6 2. d4 d5 3. Nc3 Bb4 4. exd5 exd5 5. Bd3 Nf6 6. Nge2 0-0 7. 0-0 Nc6 8. h3 Bxc3 9. bxc3 Re8 10. Bg5 h6 11. Bh4 Qd6 12. Bg3 Qe7 13. Nf4 b6 14. Qf3 Be6 15. Bb5 Qd7 16. Nd3 a6 17. Ne5 Nxd4 18. cxd4 Qxb5 19. a4 Qb2 20. c3 Ne4 21. Rfc1 Nxg3 22. fxg3 Qd2 23. h4 c5 24. Qf4 Qxf4 25. gxf4 f6 26. Nf3 Bg4 27. Rab1 Bxf3 28. gxf3 Rab8 29. Rb2 c4 30. Kf2 g5 31. fxg5 fxg5 32. hxg5 hxg5 33. Rg1 g4 34. Rxg4+ Kf7 35. Rg5 Red8 36. f4 b5 37. axb5 Rxb5 38. Rxb5 axb5 39. Re5 Rd6 40. Ke2 Kf6 41. Kd2 Rd8 42. Kc2 Rd6 43. Kb2 Re6 44. Ka3 Rxe5 45. fxe5+ 1-0

[Event "Nis op"]
[Site "Nis"]
[Date "2019.07.04"]
[Round "9"]
[White "Ankitha, Goud Palle"]
[Black "Zdravkovic, Filip"]
[Result "1-0"]
[WhiteElo "1741"]
[BlackElo "1565"]
[PlyCount "47"]
[EventDate "2019.06.25"]
[EventType "swiss"]
[EventRounds "9"]
[EventCountry "SRB"]
[SourceTitle "EXT 2020"]
[Source "ChessBase"]
[SourceDate "2019.10.17"]
[SourceVersion "1"]
[SourceVersionDate "2019.10.17"]
[SourceQuality "1"]

1. e4 Nf6 2. e5 Nd5 3. c4 Nb6 4. d4 e6 5. Nc3 Bb4 6. Qg4 Kf8 7. Bd2 d6 8. Nf3 dxe5 9. dxe5 Qe7 10. 0-0-0 Bxc3 11. Bxc3 Bd7 12. Bd3 Ba4 13. b3 Bc6 14. Kb1 Bxf3 15. Qxf3 Nc6 16. Be4 Qc5 17. Bxc6 Qxc6 18. Qxc6 bxc6 19. Rd3 c5 20. Rhd1 Ke7 21. Bd2 Rhd8 22. Bg5+ f6 23. exf6+ gxf6 24. Bxf6+ 1-0

[Event "Nis op"]
[Site "Nis"]
[Date "2019.06.29"]
[Round "5"]
[White "Ramadanov, Esat"]
[Black "Zdravkovic, Filip"]
[Result "1-0"]
[WhiteElo "1765"]
[BlackElo "1565"]
[PlyCount "51"]
[EventDate "2019.06.25"]
[EventType "swiss"]
[EventRounds "9"]
[EventCountry "SRB"]
[SourceTitle "EXT 2020"]
[Source "ChessBase"]
[SourceDate "2019.10.17"]
[SourceVersion "1"]
[SourceVersionDate "2019.10.17"]
[SourceQuality "1"]

1. e4 e5 2. Nf3 Nc6 3. Bb5 Nd4 4. Nxd4 exd4 5. c3 dxc3 6. Nxc3 a6 7. Bc4 d6 8. d4 Nf6 9. Qb3 Qe7 10. Bg5 c6 11. 0-0 b5 12. e5 bxc4 13. Qxc4 Qc7 14. exf6 g6 15. Nd5 Qb7 16. Rfe1+ Be6 17. Nf4 d5 18. Nxe6 fxe6 19. Rxe6+ Kd7 20. Qe2 h6 21. Qg4 h5 22. Qh3 Kc7 23. Rc1 Kb6 24. Qb3+ Ka7 25. Rcxc6 Qxb3 26. axb3 1-0

[Event "Nis op"]
[Site "Nis"]
[Date "2019.06.27"]
[Round "3"]
[White "Jurisic, Iskra"]
[Black "Zdravkovic, Filip"]
[Result "1/2-1/2"]
[WhiteElo "1769"]
[BlackElo "1565"]
[PlyCount "53"]
[EventDate "2019.06.25"]
[EventType "swiss"]
[EventRounds "9"]
[EventCountry "SRB"]
[SourceTitle "EXT 2020"]
[Source "ChessBase"]
[SourceDate "2019.10.17"]
[SourceVersion "1"]
[SourceVersionDate "2019.10.17"]
[SourceQuality "1"]

1. e4 e5 2. Nf3 Nc6 3. Bb5 Bc5 4. 0-0 Nf6 5. d3 Nd4 6. Nxd4 Bxd4 7. c3 Bb6 8. Bg5 c6 9. Bc4 h6 10. Bh4 d6 11. Nd2 0-0 12. Bb3 Be6 13. Nc4 Bc7 14. Ne3 g5 15. Bg3 b5 16. Bxe6 fxe6 17. a4 d5 18. Ng4 Nxg4 19. Qxg4 Qf6 20. b4 a5 21. exd5 exd5 22. bxa5 Rxa5 23. axb5 Rxb5 24. d4 Rb3 25. Ra7 Bb6 26. Rb7 exd4 27. cxd4 1/2-1/2

[Event "EU-ch U10 27th"]
[Site "Mamaia"]
[Date "2017.09.07"]
[Round "3"]
[White "Zdravkovic, Filip"]
[Black "Pataki, Dragos Ioan"]
[Result "1-0"]
[WhiteElo "1469"]
[BlackElo "1245"]
[PlyCount "138"]
[EventDate "2017.09.05"]
[EventType "swiss"]
[EventRounds "9"]
[EventCountry "ROU"]
[SourceTitle "CBM 180 Extra"]
[Source "ChessBase"]
[SourceDate "2017.10.06"]
[SourceVersion "1"]
[SourceVersionDate "2017.10.06"]
[SourceQuality "1"]

1. e4 e6 2. d4 d5 3. Nc3 Bb4 4. exd5 Bxc3+ 5. bxc3 exd5 6. Bd3 Be6 7. Nf3 h6 8. 0-0 Nf6 9. Ba3 Nc6 10. Re1 Ne7 11. Rb1 Rb8 12. Bb5+ c6 13. Bxe7 Kxe7 14. Bd3 Re8 15. Bf5 Kf8 16. Bxe6 fxe6 17. Re5 Kg8 18. Qe2 Qd7 19. Re1 Ne4 20. Qe3 Qe7 21. Nd2 Nxd2 22. Qxd2 Qd6 23. Qe3 Qa3 24. Rxe6 Rxe6 25. Qxe6+ Kh8 26. h3 Qxc3 27. Qe5 Rf8 28. Re2 Qa1+ 29. Kh2 Qxa2 30. Qe7 Rf6 31. Qxb7 Qa5 32. Re7 Qb6 33. Rxg7 Qxb7 34. Rxb7 Rxf2 35. Rxa7 Rxc2 36. Rc7 Rc4 37. Kg3 Rxd4 38. Rxc6 Kg7 39. Kf3 Rd3+ 40. Kf4 Kh7 41. h4 Rd4+ 42. Kg3 Rd3+ 43. Kg4 Rd4+ 44. Kh5 Re4 45. Rxh6+ Kg7 46. Rg6+ Kh7 47. Rg5 d4 48. Rd5 Kg7 49. g4 Rf4 50. Rd7+ Kg8 51. g5 d3 52. Rxd3 Kf7 53. g6+ Kg7 54. Rd5 Re4 55. Kg5 Kh8 56. h5 Re8 57. Kf6 Rf8+ 58. Ke7 Kg8 59. Rd8 Rxd8 60. Kxd8 Kf8 61. Kd7 Kg8 62. Ke6 Kf8 63. h6 Kg8 64. Kf6 Kf8 65. g7+ Kg8 66. h7+ Kxh7 67. Kf7 Kh6 68. g8Q Kh5 69. Qg3 Kh6 1-0

[Event "EU-ch U10 27th"]
[Site "Mamaia"]
[Date "2017.09.05"]
[Round "1"]
[White "Zdravkovic, Filip"]
[Black "Pingin, Artem"]
[Result "0-1"]
[WhiteElo "1469"]
[BlackElo "1996"]
[PlyCount "67"]
[EventDate "2017.09.05"]
[EventType "swiss"]
[EventRounds "9"]
[EventCountry "ROU"]
[SourceTitle "CBM 180 Extra"]
[Source "ChessBase"]
[SourceDate "2017.10.06"]
[SourceVersion "1"]
[SourceVersionDate "2017.10.06"]
[SourceQuality "1"]

1. e4 c5 2. Nf3 Nc6 3. d4 cxd4 4. Nxd4 e5 5. Nb5 d6 6. N1c3 a6 7. Na3 b5 8. Nd5 Nf6 9. Bg5 Qa5+ 10. Bd2 Qd8 11. Bd3 Be6 12. Bg5 Be7 13. Bxf6 Bxf6 14. c3 Bg5 15. Nc2 0-0 16. Nde3 g6 17. 0-0 Kh8 18. Qe2 f5 19. exf5 gxf5 20. Qh5 e4 21. Be2 f4 22. Bg4 Bf7 23. Qh3 fxe3 24. f4 exf3 25. Bxf3 d5 26. Rad1 Ne5 27. Be2 Bg6 28. Rxf8+ Qxf8 29. Rf1 Qe7 30. Nb4 Be4 31. Qh5 a5 32. Nd3 Nxd3 33. Rf7 Bg6 34. Rf5 0-1